000
00241nam a2200097Ia 4500
001
644430
005
20250826153604.0
008
250824s9999 xx 000 0 und d
245
0
_a
Şekilli Matematik Sözlüğü
260
_b
TÜBİTAK YAYINLARI
999
_c
644430
_d
644430